Voormalige stadsdelen van Amsterdam met kaart - Statistieken

Algemene statistieken
  • Deze quiz is 13 keer genomen
  • De gemiddelde score is 8 van 15
Antwoorden op de kaart
Antwoorden kleurgecodeerd door een groen-rode schaal op de quizkaart volgens % correct hieronder.
 
Antwoordstatistieken
Stadsdeel % Correct
Noord
89%
Oost en Watergraafsmeer
89%
Oud-Zuid
67%
Geuzenveld en Slotermeer
56%
Osdorp
56%
Slotervaart en Overtoomse Veld
56%
Zuidoost
56%
Bos en Lommer
44%
Oud-West
44%
Zeeburg
44%
Binnenstad
33%
De Baarsjes
33%
Westerpoort
33%
Zuideramstel
33%
Westerpark
22%
Geen overeenkomende quizzen gevonden
Scoreverdeling
Procent van Mensen met Elke Score
Percentiel versus Aantal Correcte Antwoorden
Uw Scoregeschiedenis
U heeft deze quiz nog niet genomen